[Event "Quebec-ch Intercoll"]
[Site "Montreal"]
[Date "1992.04.18"]
[Round "4"]
[White "Bouchard, Jean Marc"]
[Black "Huy Hao, Dao"]
[Result "1-0"]
[WhiteElo "1807"]
[BlackElo "1564"]
[PlyCount "68"]
[EventDate "1992.04.17"]
[EventType "swiss"]
[EventRounds "6"]
[EventCountry "CAN"]
[SourceTitle "EXT 2022"]
[Source "ChessBase"]
[SourceDate "2021.10.06"]
[SourceVersion "1"]
[SourceVersionDate "2021.10.06"]
[SourceQuality "1"]

1. g3 d5 2. Bg2 Nf6 3. Nf3 Bf5 4. d3 e6 5. 0-0 h6 6. Nbd2 Bd6 7. Re1 Bc5 8. c4 Nc6 9. a3 Ng4 10. Rf1 a5 11. cxd5 exd5 12. Nh4 Be6 13. Nhf3 0-0 14. b3 Qd7 15. Bb2 Be7 16. Rc1 Bf6 17. Qc2 Rfc8 18. e4 Bxb2 19. Qxb2 dxe4 20. dxe4 Ra6 21. Nc4 Bxc4 22. Rxc4 Qe7 23. Nh4 Qf6 24. Qxf6 Nxf6 25. Nf5 Rb6 26. Rc3 g6 27. Ne3 Nd4 28. Re1 Rxb3 29. Rxb3 Nxb3 30. e5 Nd7 31. Nd5 Kg7 32. e6 Nf6 33. Nxf6 Kxf6 34. exf7 Kxf7 1-0